| 000 | 00591nam a2200181 i 4500 | ||
|---|---|---|---|
| 001 | 49327 | ||
| 003 | ES-MaACL | ||
| 005 | 20230906161927.0 | ||
| 007 | t| | ||
| 008 | 030714s1901 sp ||||1| spa d | ||
| 080 | _a821.134.2-31"16" | ||
| 100 | 1 |
_aCortés de Tolosa, Juan. _940882 |
|
| 245 | 1 | 0 |
_aLazarillo de Manzanares _b: novela española del siglo XVII / _ccompuesta por Juan Cortés de Tolosa. |
| 250 | _a[Reimpresa segun la ed. de 1620]. | ||
| 260 |
_aMadrid : _b[s.n.], _c1901 ( _fImp. de la Revista Española) |
||
| 300 |
_aVII, 149 p. ; _c17 cm. |
||
| 852 |
_aES-MaACL _jT-1148-F-4 |
||
| 999 |
_c49327 _d49327 |
||